000 00648nam a2200241 i 4500
001 C2-0113079
003 PPAK
005 20180727104147.0
008 970701s1984 my |||| ||||| | may d
020 _a9676203017
040 _aPPAK
_beng
_cPPAK
_erda
082 0 4 _a899.23301
_223
090 0 0 _a899.23301
_bMEN
_dKK
245 0 0 _aMenunggu Ratu Adil
264 1 _aKuala Lumpur :
_bAdabi Publishing ,
_c1984
300 _a218 pages ;
_c21 cm
336 _2rdacontent
_atext
337 _2rdamedia
_aunmediated
338 _2rdacarrier
_avolume
650 1 0 _aMalay fiction
700 0 _aMana Sikana ; Rahman Shaari,
_ecompile
942 _ddc
_cB
999 _c28617
_d28617